000 00590nam a2200217Ia 4500
003 OSt
005 20230601170833.0
008 210423s2010 xx 000 0 und d
040 _cAL
041 _aeng
082 _a361
_223
_bGOES
100 _aGOEL (S L)
_9118324
245 _aSocial welfare administration
260 _aNew Delhi
_bDeep and deep publication
_c2010
365 _b900
_cINR
440 _v1
650 _aSocial Problems & Services
_9118325
650 _aSocial Problems & Social Welfare
_9118326
906 _aadministration ; Social ; welfare
942 _2ddc
_cBK
999 _c175575
_d175575